Berühmte Franzosen - Bildquiz - Statistiken

Allgemein
  • Dieses Quiz wurde 171 mal gespielt
  • Das Durchschnittsergebnis liegt bei 7 aus 15
Antwortstatistiken
Bildquiz Hint Antwort % Korrekt
Politiker Emmanuel Macron
95%
Schauspieler Gerard Depardieu
70%
Politiker Nicolas Sarkozy
69%
Nationalheldin Jeanne d'Arc
65%
Politiker François Hollande
53%
Musiker David Guetta
50%
Regisseur Roman Polanski
50%
Schauspielerin Catherine Deneuve
45%
Politiker Christine Lagarde
38%
Athlet Thierry Henry
36%
Philosoph Voltaire
32%
Schauspielerin Juliette Binoche
26%
Atlet Eric Cantona
22%
Schauspielerin Jeanne Moreau
11%
Schauspielerin Julie Delpy
9%
Keine übereinstimmenden Quizze gefunden
Verteilung der Resultate
Anzahl Personen mit jedem Resultat
Perzentil nach korrekt beantworteten Fragen
Ihre Resultats-Entwicklung
Sie haben dieses Quiz noch nicht gespielt